000 00244 a2200085 4500
020 _a9781631593802
100 _a Chris Grimley and, Mimi Love
245 _aThe Interior Design Reference & Specification Book
260 _b‎ Rockport Publishers
_c2018
999 _c13330
_d13330